[Event "Vienna op"]
[Site "Vienna"]
[Date "2019.08.17"]
[Round "1"]
[White "Gilevich, Artem"]
[Black "Petersen, Steen Brustrup"]
[Result "1-0"]
[WhiteElo "2424"]
[BlackElo "2129"]
[PlyCount "109"]
[EventDate "2019.08.17"]
[EventType "swiss"]
[EventRounds "9"]
[EventCountry "AUT"]
[SourceTitle "EXT 2020"]
[Source "ChessBase"]
[SourceDate "2019.10.17"]
[SourceVersion "1"]
[SourceVersionDate "2019.10.17"]
[SourceQuality "1"]

1. d4 Nf6 2. Nc3 d5 3. Bf4 Bf5 4. f3 e6 5. g4 Bg6 6. h4 h6 7. e3 a6 8. Bd3 Bxd3 9. Qxd3 c5 10. Nge2 Nc6 11. a3 b5 12. Ng3 cxd4 13. exd4 Qb6 14. Nce2 b4 15. axb4 Nxb4 16. Qd2 Qb5 17. Kf2 Nd7 18. Nc1 Nb6 19. c3 Nc6 20. Nd3 Nc4 21. Qe2 N6a5 22. b4 Nb7 23. g5 hxg5 24. hxg5 Rxh1 25. Rxh1 g6 26. Rh7 a5 27. Ne5 Ncd6 28. c4 dxc4 29. Nxf7 Qd5 30. Nxd6+ Nxd6 31. Qc2 0-0-0 32. bxa5 Qxd4+ 33. Be3 Qa1 34. Ne4 Qxa5 35. Nxd6+ Bxd6 36. Qxc4+ Bc7 37. Qxe6+ Kb8 38. Qb3+ Kc8 39. Qe6+ Kb8 40. Rh1 Rd2+ 41. Bxd2 Qxd2+ 42. Qe2 Bb6+ 43. Kf1 Qc1+ 44. Qe1 Qc4+ 45. Kg2 Qc2+ 46. Kg3 Bc7+ 47. f4 Bxf4+ 48. Kxf4 Qf5+ 49. Ke3 Qe5+ 50. Kd3 Qd5+ 51. Kc3 Qc6+ 52. Kd4 Qd6+ 53. Ke4 Qe6+ 54. Kf3 Qf5+ 55. Kg2 1-0

[Event "Bronshoj-chA"]
[Site "Copenhagen"]
[Date "2019.05.09"]
[Round "7"]
[White "Petersen, Steen Brustrup"]
[Black "Meyling, Morten"]
[Result "1-0"]
[WhiteElo "2082"]
[BlackElo "2318"]
[PlyCount "69"]
[EventDate "2019.03.07"]
[EventType "tourn"]
[EventRounds "9"]
[EventCountry "DEN"]
[SourceTitle "EXT 2020"]
[Source "ChessBase"]
[SourceDate "2019.10.17"]
[SourceVersion "1"]
[SourceVersionDate "2019.10.17"]
[SourceQuality "1"]

1. e4 c5 2. Nf3 Nc6 3. d4 cxd4 4. Nxd4 Qb6 5. Nb3 e6 6. Be3 Qc7 7. Nc3 a6 8. f4 d6 9. Bd3 Nf6 10. g4 Be7 11. g5 Nd7 12. Qd2 b5 13. 0-0-0 Rb8 14. Kb1 Nb6 15. Bxb5 axb5 16. Nxb5 Qb7 17. Bxb6 0-0 18. Bc7 Qxb5 19. Bxd6 Bxd6 20. Qxd6 Ba6 21. Qc5 Qa4 22. Rd6 Rfc8 23. Rhd1 g6 24. f5 exf5 25. exf5 gxf5 26. Qxf5 Nb4 27. Qa5 Qxa5 28. Nxa5 Be2 29. R1d2 Bh5 30. a3 Nxc2 31. Rxc2 Bg6 32. Rxg6+ fxg6 33. Nc6 Rxc6 34. Rxc6 Rb5 35. h4 1-0

[Event "Bronshoj-chA"]
[Site "Copenhagen"]
[Date "2019.04.04"]
[Round "4"]
[White "Nordenbaek, Jan"]
[Black "Petersen, Steen Brustrup"]
[Result "1-0"]
[WhiteElo "2188"]
[BlackElo "2082"]
[PlyCount "71"]
[EventDate "2019.03.07"]
[EventType "tourn"]
[EventRounds "9"]
[EventCountry "DEN"]
[SourceTitle "EXT 2020"]
[Source "ChessBase"]
[SourceDate "2019.10.17"]
[SourceVersion "1"]
[SourceVersionDate "2019.10.17"]
[SourceQuality "1"]

1. Nf3 d5 2. d4 Nf6 3. c4 e6 4. Nc3 Be7 5. cxd5 exd5 6. Bg5 c6 7. Qc2 0-0 8. e3 Re8 9. Bd3 h6 10. Bh4 Ne4 11. Bxe7 Qxe7 12. Bxe4 dxe4 13. Nd2 Bf5 14. 0-0 Bg6 15. Rab1 Na6 16. a3 c5 17. d5 Qd7 18. Qb3 Rad8 19. Qc4 f5 20. Nb3 Bf7 21. Nxc5 Nxc5 22. Qxc5 b6 23. Qb4 Qd6 24. Qxd6 Rxd6 25. Rfd1 Rc8 26. Rd4 Rd7 27. Rbd1 Rc5 28. f3 Bg6 29. Kf2 Kf7 30. Kg3 Kf6 31. fxe4 fxe4 32. Kf4 Bh7 33. Nxe4+ Bxe4 34. Kxe4 Rc2 35. R1d2 Rc1 36. Rf2+ 1-0

[Event "Bronshoj-chA"]
[Site "Copenhagen"]
[Date "2019.03.14"]
[Round "2"]
[White "Madsen, Michael Ole"]
[Black "Petersen, Steen Brustrup"]
[Result "1-0"]
[WhiteElo "2050"]
[BlackElo "2082"]
[PlyCount "87"]
[EventDate "2019.03.07"]
[EventType "tourn"]
[EventRounds "9"]
[EventCountry "DEN"]
[SourceTitle "EXT 2020"]
[Source "ChessBase"]
[SourceDate "2019.10.17"]
[SourceVersion "1"]
[SourceVersionDate "2019.10.17"]
[SourceQuality "1"]

1. d4 Nf6 2. Nf3 d5 3. g3 Bg4 4. Bg2 Nbd7 5. 0-0 c6 6. b3 e6 7. Bb2 Be7 8. Nbd2 0-0 9. Re1 c5 10. c4 cxd4 11. cxd5 Nxd5 12. Nxd4 Nc5 13. Nc4 Bf6 14. Qd2 a5 15. e4 Nb4 16. e5 Bg5 17. f4 Be7 18. Bc3 Nd5 19. Bxa5 Rxa5 20. Nxa5 Na6 21. Nc2 Nab4 22. Nc4 Bc5+ 23. Kh1 Nxc2 24. Qxc2 b5 25. Nd6 Bd4 26. Rac1 b4 27. Qd3 Bc3 28. h3 Bxe1 29. Rxe1 Bh5 30. Bxd5 exd5 31. Qxd5 Qc7 32. Qd2 Bf3+ 33. Kh2 Ra8 34. Rc1 Rxa2 35. Rxc7 Rxd2+ 36. Kg1 h5 37. Nxf7 Kf8 38. Ng5 Bd1 39. Ne6+ Ke8 40. Nxg7+ Kd8 41. Rb7 Rd7 42. Ne6+ Ke7 43. Rxd7+ Kxd7 44. Nd4 1-0

[Event "DEN-ch rapid op"]
[Site "Hvidovre"]
[Date "2018.09.09"]
[Round "5"]
[White "Andersen, Rune"]
[Black "Petersen, Steen Brustrup"]
[Result "1-0"]
[WhiteElo "2137"]
[BlackElo "2131"]
[PlyCount "75"]
[EventDate "2018.09.09"]
[EventType "swiss (rapid)"]
[EventRounds "7"]
[EventCountry "DEN"]
[SourceTitle "EXT 2020"]
[Source "ChessBase"]
[SourceDate "2019.10.17"]
[SourceVersion "1"]
[SourceVersionDate "2019.10.17"]
[SourceQuality "1"]

1. d4 d5 2. c4 e6 3. Nc3 Nf6 4. Nf3 Be7 5. Bf4 0-0 6. e3 b6 7. cxd5 Nxd5 8. Nxd5 exd5 9. Bd3 c5 10. h4 Nd7 11. Ng5 Nf6 12. Be5 h6 13. Qc2 cxd4 14. Bxf6 Bb4+ 15. Kf1 Qxf6 16. Nh7 Qe5 17. Nxf8 Kxf8 18. exd4 Qxd4 19. g3 Bg4 20. Kg2 Rc8 21. Qb3 Bc3 22. Ba6 Bf3+ 23. Kg1 Bxh1 24. Bxc8 Bxb2 25. Rf1 Qe4 26. f3 Qe2 27. Bh3 Be5 28. f4 Bd4+ 29. Kxh1 Bc5 30. Qxd5 Kg8 31. Qa8+ Kh7 32. Qxa7 Qe4+ 33. Bg2 Qc4 34. Qd7 Qxa2 35. Qd3+ Kg8 36. Bd5 Qa5 37. Qf5 Qa7 38. Re1 1-0

[Event "Helsingor Xtracon op"]
[Site "Helsingor"]
[Date "2018.07.21"]
[Round "1"]
[White "Petersen, Steen Brustrup"]
[Black "Kreken, Eivind Grunt"]
[Result "1-0"]
[WhiteElo "2111"]
[BlackElo "1626"]
[PlyCount "57"]
[EventDate "2018.07.21"]
[EventType "swiss"]
[EventRounds "10"]
[EventCountry "DEN"]
[SourceTitle "CBM 185 Extra"]
[Source "ChessBase"]
[SourceDate "2018.07.29"]
[SourceVersion "1"]
[SourceVersionDate "2018.07.29"]
[SourceQuality "1"]

1. e4 c5 2. Nf3 e6 3. d3 Nc6 4. Nbd2 Nge7 5. g3 d5 6. Bg2 e5 7. exd5 Nxd5 8. 0-0 Be6 9. Re1 f6 10. c3 Nc7 11. d4 cxd4 12. cxd4 Nxd4 13. Nxd4 Qxd4 14. Bxb7 Rd8 15. Qc2 Qb6 16. Bc6+ Kf7 17. Bg2 Bc5 18. Ne4 Bd4 19. Be3 Nb5 20. a4 Bxe3 21. axb5 Rc8 22. Qd3 Bc5 23. Ra6 Rhd8 24. Qe2 Qb8 25. Qh5+ Kg8 26. Rxe6 Qxb5 27. Nxc5 Rxc5 28. Re7 Rf8 29. Be4 1-0

[Event "Bronshoj-ch A"]
[Site "Copenhagen"]
[Date "2018.04.12"]
[Round "4"]
[White "Petersen, Steen Brustrup"]
[Black "Jorgensen, Mikkel"]
[Result "1-0"]
[WhiteElo "2116"]
[BlackElo "1883"]
[PlyCount "51"]
[EventDate "2018.03.08"]
[EventType "tourn"]
[EventRounds "9"]
[EventCountry "DEN"]
[SourceTitle "EXT 2020"]
[Source "ChessBase"]
[SourceDate "2019.10.17"]
[SourceVersion "1"]
[SourceVersionDate "2019.10.17"]
[SourceQuality "1"]

1. c4 e5 2. g3 Nc6 3. Nc3 f5 4. Nf3 Nf6 5. d4 e4 6. Nh4 Ne7 7. Bg5 c6 8. Bxf6 gxf6 9. e3 Qa5 10. a3 Kd8 11. d5 Ng6 12. Nxf5 d6 13. Nd4 f5 14. dxc6 Ne5 15. b4 Qc7 16. Nd5 Qf7 17. c7+ Ke8 18. Be2 h5 19. Qa4+ Bd7 20. b5 Bg7 21. Nb6 Ke7 22. Nxa8 Rxa8 23. Qb4 Nf3+ 24. Bxf3 Bxd4 25. exd4 exf3 26. 0-0-0 1-0

[Event "Bronshoj Lang Weekend"]
[Site "Copenhagen"]
[Date "2018.02.16"]
[Round "2"]
[White "Nielsen, Viktor Haarmark"]
[Black "Petersen, Steen Brustrup"]
[Result "1-0"]
[WhiteElo "2279"]
[BlackElo "2144"]
[PlyCount "53"]
[EventDate "2018.02.15"]
[EventType "swiss"]
[EventRounds "7"]
[EventCountry "DEN"]
[SourceTitle "CBM 183 Extra"]
[Source "ChessBase"]
[SourceDate "2018.04.19"]
[SourceVersion "1"]
[SourceVersionDate "2018.04.19"]
[SourceQuality "1"]

1. e4 e5 2. Nf3 Nc6 3. Bb5 a6 4. Ba4 Nf6 5. 0-0 Be7 6. d3 b5 7. Bb3 d6 8. a4 Bd7 9. c3 0-0 10. Re1 Na5 11. Bc2 c5 12. Nbd2 Qc7 13. Nf1 Rfe8 14. Ng3 g6 15. Bg5 Be6 16. h3 Kg7 17. Nh2 h6 18. Bd2 Rab8 19. axb5 axb5 20. f4 exf4 21. Bxf4 b4 22. Nf3 bxc3 23. bxc3 Nb3 24. Rb1 Qa5 25. Bxb3 Qxc3 26. Bxe6 fxe6 27. Qd2 1-0

[Event "DEN-ch cand"]
[Site "Skorping"]
[Date "2017.04.12"]
[Round "2"]
[White "Petersen, Steen Brustrup"]
[Black "Vangsgaard, Freja"]
[Result "1-0"]
[WhiteElo "2131"]
[BlackElo "2060"]
[PlyCount "83"]
[EventDate "2017.04.11"]
[EventType "swiss"]
[EventRounds "7"]
[EventCountry "DEN"]
[SourceTitle "EXT 2018"]
[Source "ChessBase"]
[SourceDate "2017.10.13"]
[SourceVersion "1"]
[SourceVersionDate "2017.10.13"]
[SourceQuality "1"]

1. e4 c6 2. d4 d5 3. e5 Bf5 4. h4 h6 5. g4 Bg6 6. h5 Be4 7. f3 Bh7 8. e6 Qd6 9. exf7+ Kxf7 10. Bd3 g5 11. hxg6+ Bxg6 12. Nh3 Bxd3 13. Qxd3 Qg6 14. Qb3 Nd7 15. Nf4 Qh7 16. g5 Qf5 17. g6+ Kg7 18. Rh5 Qf6 19. Be3 Qd6 20. Qd3 Ngf6 21. Qf5 Kg8 22. Ne6 Qb4+ 23. Nd2 Bg7 24. 0-0-0 Nf8 25. Nxf8 Kxf8 26. Qe6 Ke8 27. Rhh1 Rg8 28. Nb3 Qd6 29. Qxd6 exd6 30. Bxh6 Kd7 31. Nd2 Rae8 32. f4 Bxh6 33. Rxh6 Ke6 34. Rg1 Kf5 35. c3 Kxf4 36. g7 Ne4 37. Nxe4 dxe4 38. Kd1 Kf5 39. Rf1+ Kg5 40. Rh2 d5 41. Rg2+ Kh6 42. Rh1# 1-0